000 01543 a2200229 4500
001 47128
005 20260407155739.0
008 260407a1979 arg spa d
003 AR-UNSa-BCEJYS
040 _aAR-UNSa-BCEJYS
_bspa
_cAR-UNSa-BCEJYS
080 _a331.5
_xMercado de Trabajo. Empleo
245 1 0 _aDesequilibrio, inflación , desempleo
020 _a84-316-1794-2
264 1 _aBarcelona :
_bVicens-Vives
_c1979
300 _a246 p.
_c22 cm.
505 _a1. Desequilibrio, inflación y desempleo: una visión introductoria / Eugenio Aguiló y Juan Fernández de Castro - 2. Un enfoque keynesiano de la teoría del empleo de Patinkin / P. Davidson - 3. El modelo de Patinkin como un modelo de desequilibrio de mercado / D. P. Tucker - 4. El desequilibrio de desempleo en Patinkin / Cross, J. G. y Williamson, J. - 5. Un modelo de desequilibrio general de la renta y del empleo / Barro, R. J. y Grossman, H. - 6. Costes de información, fijación del precio y desempleo de recursos / Armen A. Alchian - 7. Información, dinero, y la macroeconomía de la inflación / David Laidler - 8. La teoría del desequilibrio y los fundamentos microeconómicos de la macroeconomía / J. P. Benassy - 9. ¿Desempleo versus inflación? Una interpretación de la curva de Phillips / Milton Friedman.
942 _cBK
590 _aniveau_biblio:m niveau_hierar:0
100 1 _aFernández de Castro, J.M.
700 1 _aAguiló, Eugeni
856 4 1 _uhttps://www.biblioeco.unsa.edu.ar/pmb/images/libros/L127399.jpg
_yImagen de portada
_qimage/jpeg
999 _c4294
_d4294